000
00338nam a2200133Ia 4500
008
240624s9999 xx 000 0 und d
041
_a
eng
082
_a
658.827 KAP
100
_a
KAPFERER JEAN NOEL
245
_a
KAPFERER ON LUXURY HOW LUXURY BRANDS CAN
260
_c
2015
_a
New Delhi
_b
Kogan Page
300
_a
240 : p.
365
_c
_b
30
999
_c
25347
_d
25347